[Event "RUS-chT2"]
[Site "Sochi"]
[Date "2021.05.07"]
[Round "6.3"]
[White "Kokarev, Dmitry"]
[Black "Sveshnikov, Evgeny"]
[Result "1-0"]
[WhiteElo "2631"]
[BlackElo "2478"]
[PlyCount "91"]
[EventDate "2021.05.01"]
[EventType "team-swiss"]
[EventRounds "9"]
[EventCountry "RUS"]
[SourceTitle "CBM 202 Extra"]
[Source "ChessBase"]
[SourceDate "2021.07.31"]
[SourceVersion "1"]
[SourceVersionDate "2021.07.31"]
[SourceQuality "1"]
[WhiteTeam "Sverdlovsk Region Malakhit"]
[BlackTeam "Russia Veterans"]
[WhiteTeamCountry "RUS"]
[BlackTeamCountry "RUS"]

1. e4 c5 2. Nf3 Nc6 3. d4 cxd4 4. Nxd4 e5 5. Nb5 d6 6. c4 Be7 7. N5c3 Nf6 8. Be2 0-0 9. 0-0 Be6 10. Be3 h6 11. Na3 Ne8 12. Bg4 Bg5 13. Bxe6 fxe6 14. Qg4 Qe7 15. Bxg5 hxg5 16. Rad1 Rf4 17. Qg3 Nd4 18. Qd3 a6 19. Nc2 Nxc2 20. Qxc2 Rc8 21. Qd3 g4 22. b3 Rf6 23. a4 Qf7 24. Qg3 Rf4 25. Rd3 Rc6 26. Qe3 Nf6 27. Qe2 Rb6 28. Qd1 Qc7 29. Re1 Qc5 30. Ree3 Qa3 31. g3 Rf3 32. Nb1 Qa1 33. Kg2 Qb2 34. Rd2 Qa1 35. Rxf3 gxf3+ 36. Kxf3 Rc6 37. Re2 d5 38. cxd5 exd5 39. exd5 Rd6 40. Qc2 Rxd5 41. Kg2 Qd4 42. Qc8+ Kh7 43. Qf5+ Kh6 44. Rd2 Qc5 45. Rc2 Qb4 46. Rc4 1-0

[Event "RUS-chT2"]
[Site "Sochi"]
[Date "2021.05.03"]
[Round "3.2"]
[White "Sveshnikov, Evgeny"]
[Black "Mokshanov, Alexey"]
[Result "0-1"]
[WhiteElo "2478"]
[BlackElo "2434"]
[PlyCount "62"]
[EventDate "2021.05.01"]
[EventType "team-swiss"]
[EventRounds "9"]
[EventCountry "RUS"]
[SourceTitle "CBM 202 Extra"]
[Source "ChessBase"]
[SourceDate "2021.07.31"]
[SourceVersion "1"]
[SourceVersionDate "2021.07.31"]
[SourceQuality "1"]
[WhiteTeam "Russia Veterans"]
[BlackTeam "Samara Zhiguli"]
[WhiteTeamCountry "RUS"]
[BlackTeamCountry "RUS"]

1. e4 e6 2. d4 d5 3. Nc3 Nf6 4. Bg5 Be7 5. e5 Nfd7 6. h4 Nc6 7. Nf3 h6 8. Be3 Na5 9. Qd2 c5 10. dxc5 Nc6 11. Bb5 Bxc5 12. 0-0-0 Qb6 13. Bxc5 Nxc5 14. Rh3 Bd7 15. Rg3 Rg8 16. Bxc6 bxc6 17. Qxh6 gxh6 18. Rxg8+ Ke7 19. Rxa8 Be8 20. Nd4 Qb7 21. Rxe8+ Kxe8 22. f4 Nd7 23. f5 Nxe5 24. fxe6 fxe6 25. Re1 Qf7 26. g3 Qf6 27. Nd1 Kd7 28. Ne2 Qf3 29. b3 Qe4 30. Ndc3 Qe3+ 31. Kb2 Nd3+ 0-1

[Event "Cheliabinsk m"]
[Site "Cheliabinsk"]
[Date "2021.03.22"]
[Round "1.1"]
[White "Sveshnikov, Evgeny"]
[Black "Gabrielian, Artur"]
[Result "0-1"]
[WhiteElo "2478"]
[BlackElo "2448"]
[PlyCount "122"]
[EventDate "2021.03.22"]
[EventType "match"]
[EventRounds "6"]
[EventCountry "RUS"]
[SourceTitle "CBM 201 Extra"]
[Source "ChessBase"]
[SourceDate "2021.05.31"]
[SourceVersion "1"]
[SourceVersionDate "2021.05.31"]
[SourceQuality "1"]

1. e4 c5 2. Nf3 Nc6 3. d4 cxd4 4. Nxd4 e5 5. Nb5 d6 6. N1c3 a6 7. Na3 Rb8 8. Nd5 Nge7 9. Bg5 h6 10. Qh5 Be6 11. Bc4 Bxd5 12. Bxd5 g6 13. Qh4 Bg7 14. Bxc6+ bxc6 15. Bxe7 Qxe7 16. Qxe7+ Kxe7 17. 0-0-0 Rhd8 18. c4 f5 19. f3 Rf8 20. Rhe1 h5 21. c5 dxc5 22. Nc4 fxe4 23. Rxe4 Rf4 24. Nxe5 Rxe4 25. Nxc6+ Ke6 26. Nxb8 Re2 27. Nxa6 Bxb2+ 28. Kb1 Bd4 29. Nc7+ Kd7 30. Nd5 Rb2+ 31. Kc1 Rxg2 32. Rd2 Rg1+ 33. Kc2 Kd6 34. Nf4 Ra1 35. Kd3 Re1 36. Nxg6 Re3+ 37. Kc4 Rxf3 38. Nh4 Rc3+ 39. Kb5 Kd5 40. Nf5 Rc1 41. Ne3+ Ke4 42. Nc4 Rb1+ 43. Kc6 Rb4 44. Nd6+ Ke3 45. Rc2 Kd3 46. Rg2 Ra4 47. Kd5 Be3 48. Rg3 h4 49. Rh3 Ke2 50. Nc4 Bf2 51. a3 Ra8 52. Rb3 Rd8+ 53. Kc6 Rd4 54. Kxc5 Rd3+ 55. Kb4 Bc5+ 56. Ka4 Rxb3 57. Kxb3 h3 58. Ne5 Bd6 59. Nc4 Bxh2 60. a4 Bb8 61. a5 h2 0-1

[Event "WchT Seniors 65"]
[Site "Prague"]
[Date "2020.03.12"]
[Round "7.2"]
[White "Sveshnikov, Evgeny"]
[Black "Blodig, Reinhard"]
[Result "1-0"]
[WhiteElo "2470"]
[BlackElo "2078"]
[PlyCount "81"]
[EventDate "2020.03.06"]
[EventType "team-swiss"]
[EventRounds "7"]
[EventCountry "CZE"]
[SourceTitle "CBM 195 Extra"]
[Source "ChessBase"]
[SourceDate "2020.05.31"]
[SourceVersion "1"]
[SourceVersionDate "2020.05.31"]
[SourceQuality "1"]
[WhiteTeam "Russia 65"]
[BlackTeam "Germany 65 V"]
[WhiteTeamCountry "RUS"]
[BlackTeamCountry "GER"]

1. e4 d6 2. d4 Nf6 3. Nc3 g6 4. Be3 c6 5. h3 Bg7 6. f4 Qa5 7. Qd2 a6 8. Nf3 b5 9. Bd3 Bb7 10. e5 Nd5 11. Nxd5 Qxd2+ 12. Kxd2 cxd5 13. a4 b4 14. a5 Kd7 15. c3 Nc6 16. Ra4 bxc3+ 17. bxc3 f6 18. Rb1 Rhb8 19. exf6 exf6 20. h4 Bc8 21. f5 Rxb1 22. Bxb1 Rb8 23. Kc1 Ne7 24. fxg6 hxg6 25. Rb4 Kc7 26. Bf4 Rxb4 27. cxb4 Bf5 28. Bxf5 Nxf5 29. g4 Bh6 30. gxf5 Bxf4+ 31. Kc2 g5 32. hxg5 fxg5 33. b5 axb5 34. Nh2 Bxh2 35. f6 Kd7 36. a6 g4 37. a7 g3 38. a8Q g2 39. Qb7+ Ke6 40. Qe7+ Kf5 41. Qh7+ 1-0

[Event "WchT Seniors 65"]
[Site "Prague"]
[Date "2020.03.06"]
[Round "1.1"]
[White "Ruzicka, Zdenek"]
[Black "Sveshnikov, Evgeny"]
[Result "0-1"]
[WhiteElo "2163"]
[BlackElo "2470"]
[PlyCount "96"]
[EventDate "2020.03.06"]
[EventType "team-swiss"]
[EventRounds "7"]
[EventCountry "CZE"]
[SourceTitle "CBM 195 Extra"]
[Source "ChessBase"]
[SourceDate "2020.05.31"]
[SourceVersion "1"]
[SourceVersionDate "2020.05.31"]
[SourceQuality "1"]
[WhiteTeam "Czech Republic 65 IV"]
[BlackTeam "Russia 65"]
[WhiteTeamCountry "CZE"]
[BlackTeamCountry "RUS"]

1. e4 c5 2. Nf3 Nc6 3. Bb5 e6 4. b3 f6 5. Bb2 Nh6 6. c3 Bd6 7. Na3 0-0 8. Nc4 Be7 9. Ne3 f5 10. exf5 Nxf5 11. 0-0 d5 12. d4 cxd4 13. cxd4 Nxe3 14. fxe3 Bd7 15. Bc3 Rc8 16. Qd2 Qb6 17. Bd3 Nb4 18. Bxb4 Qxb4 19. Qe2 Bf6 20. Rad1 Rc3 21. Rf2 Rfc8 22. h4 Qe7 23. g3 e5 24. dxe5 Bxe5 25. Nxe5 Qxe5 26. Qf3 Be6 27. Qf4 Qxf4 28. Rxf4 g6 29. Kf2 Re8 30. Rd2 Kg7 31. e4 Rd8 32. Be2 d4 33. Rf3 Rxf3+ 34. Bxf3 Kf6 35. e5+ Kxe5 36. Bxb7 Bg4 37. Ke1 Rb8 38. Ba6 Rf8 39. Be2 Bf5 40. b4 Rc8 41. g4 Be4 42. b5 Rc3 43. Rb2 Rh3 44. h5 gxh5 45. b6 axb6 46. Rb5+ Kf4 47. Rxh5 Rxh5 48. gxh5 Ke3 0-1

[Event "Riga Old Town Pullman 3rd"]
[Site "Riga"]
[Date "2020.02.29"]
[Round "4"]
[White "Sveshnikov, Evgeny"]
[Black "Vedrickas, Tautvydas"]
[Result "1-0"]
[WhiteElo "2473"]
[BlackElo "2397"]
[PlyCount "119"]
[EventDate "2020.02.29"]
[EventType "swiss"]
[EventRounds "9"]
[EventCountry "LAT"]
[SourceTitle "CBM 195 Extra"]
[Source "ChessBase"]
[SourceDate "2020.05.31"]
[SourceVersion "1"]
[SourceVersionDate "2020.05.31"]
[SourceQuality "1"]

1. e4 g6 2. d4 Bg7 3. Nc3 d6 4. Be3 Nd7 5. f4 a6 6. Nf3 b5 7. Bd3 c5 8. e5 cxd4 9. Bxd4 Nh6 10. Be4 Rb8 11. exd6 Nf6 12. Bc6+ Bd7 13. Ne5 Bxc6 14. Nxc6 Qxd6 15. Nxb8 Qxb8 16. Qf3 0-0 17. 0-0-0 b4 18. Ne4 Nf5 19. Nxf6+ exf6 20. Bf2 Rc8 21. Rd2 Nd6 22. Rhd1 Nc4 23. Rd7 f5 24. Bd4 Nb6 25. Bxb6 Qxb6 26. Qd5 Rf8 27. Rd8 Qe3+ 28. Qd2 Qe6 29. Kb1 a5 30. Rxf8+ Bxf8 31. g3 h5 32. Re1 Qf6 33. Re8 Qc6 34. Re1 Bg7 35. Qe2 Kh7 36. h4 a4 37. Qe7 Qc4 38. Qe3 a3 39. bxa3 Bc3 40. Qe2 Qc5 41. Qe7 Qc4 42. Rd1 bxa3 43. Qxa3 Qe2 44. Rc1 Bg7 45. Qb3 Qd2 46. a4 Kh6 47. c3 Qd3+ 48. Rc2 Qxg3 49. a5 Qxf4 50. Ka2 Qe5 51. Qb4 f4 52. Kb3 f3 53. Qb6 Qd5+ 54. Kb2 Bf8 55. a6 Bc5 56. Qb7 Qf5 57. a7 Bxa7 58. Qxa7 Qb5+ 59. Ka3 Qd3 60. Qd4 1-0

[Event "Gilleleje Xtracon"]
[Site "Gilleleje"]
[Date "2020.01.17"]
[Round "6"]
[White "Antonsen, Mikkel"]
[Black "Sveshnikov, Evgeny"]
[Result "1-0"]
[WhiteElo "2384"]
[BlackElo "2481"]
[PlyCount "165"]
[EventDate "2020.01.13"]
[EventType "tourn"]
[EventRounds "9"]
[EventCountry "DEN"]
[EventCategory "9"]
[SourceTitle "CBM 194 Extra"]
[Source "ChessBase"]
[SourceDate "2020.03.31"]
[SourceVersion "1"]
[SourceVersionDate "2020.03.31"]
[SourceQuality "1"]

1. d4 d5 2. c4 e6 3. Nf3 Nf6 4. g3 dxc4 5. Bg2 c5 6. 0-0 Nc6 7. Qa4 Bd7 8. dxc5 Na5 9. Qa3 Rc8 10. Be3 Nd5 11. Bd4 Nc6 12. e3 b6 13. Nc3 Nxc3 14. Qxc3 Nxd4 15. exd4 bxc5 16. Ne5 cxd4 17. Qxd4 Bc5 18. Qc3 Ba4 19. Nxc4 0-0 20. Rac1 Qe7 21. Qa5 Be8 22. a3 Qf6 23. Rc2 Bd4 24. b4 e5 25. Rfc1 Bd7 26. Ne3 Rxc2 27. Rxc2 Be6 28. Qa6 Qg6 29. Qe2 h5 30. Nd5 Re8 31. Be4 f5 32. Bf3 Bf7 33. Rc8 Kf8 34. Rxe8+ Bxe8 35. Nc7 Bf7 36. Nb5 Qb6 37. Nxd4 Qxd4 38. Bxh5 g6 39. Bf3 e4 40. Qd1 Qc3 41. Be2 Qxa3 42. Qd8+ Kg7 43. Qd4+ Kg8 44. h4 Qc1+ 45. Bf1 Qc7 46. b5 Qe7 47. Kh2 Kh7 48. Kg1 Be8 49. Bc4 Bf7 50. Be2 Be8 51. Qd5 Bf7 52. Qc6 Be8 53. Qc8 Bf7 54. h5 Be8 55. Kh2 Bf7 56. hxg6+ Bxg6 57. Bc4 Qf6 58. Qg8+ Kh6 59. Qb8 Qd4 60. Qf4+ Kg7 61. Bf1 Qc5 62. Kh3 Be8 63. Qg5+ Bg6 64. Kg2 Qe5 65. Qe3 Qe7 66. Be2 Bf7 67. Qf4 Bg6 68. Kh3 Bh7 69. Bc4 Bg6 70. Bd5 Be8 71. Bc6 Bf7 72. Kh2 Bg6 73. Kg2 Qf7 74. Qe5+ Qf6 75. Qc7+ Qf7 76. Bd7 f4 77. gxf4 Kh6 78. Qxa7 Bh5 79. Qb6+ Kh7 80. Qe6 Qg7+ 81. Kh2 Qd4 82. Qe7+ Kh8 83. Qe5+ 1-0

[Event "Gilleleje Xtracon"]
[Site "Gilleleje"]
[Date "2020.01.16"]
[Round "5"]
[White "Sveshnikov, Evgeny"]
[Black "Yankelevich, Lev"]
[Result "1/2-1/2"]
[WhiteElo "2481"]
[BlackElo "2483"]
[PlyCount "98"]
[EventDate "2020.01.13"]
[EventType "tourn"]
[EventRounds "9"]
[EventCountry "DEN"]
[EventCategory "9"]
[SourceTitle "CBM 194 Extra"]
[Source "ChessBase"]
[SourceDate "2020.03.31"]
[SourceVersion "1"]
[SourceVersionDate "2020.03.31"]
[SourceQuality "1"]

1. e4 e5 2. Nf3 Nc6 3. d4 exd4 4. Nxd4 Nf6 5. Nxc6 bxc6 6. Nd2 d5 7. exd5 cxd5 8. Bb5+ Bd7 9. Bxd7+ Qxd7 10. 0-0 Be7 11. c4 0-0 12. cxd5 Qxd5 13. Qc2 a5 14. Nc4 a4 15. Bf4 Qb5 16. Rfe1 Nd5 17. Be5 Ra6 18. Rad1 Rc6 19. Qe4 Nf6 20. Bxf6 Bxf6 21. b3 axb3 22. axb3 Bc3 23. Rf1 Re6 24. Qd3 Bf6 25. Rfe1 Rxe1+ 26. Rxe1 Qb4 27. Re3 Qb5 28. g3 Rd8 29. Qe2 h6 30. Qf3 Qc5 31. Kg2 c6 32. Rd3 Rxd3 33. Qxd3 Bd4 34. Qe4 Kf8 35. h4 g6 36. Qf3 Ke7 37. Qe4+ Kd7 38. Qf4 Qd5+ 39. f3 h5 40. Qe4 Qxe4 41. fxe4 c5 42. Kf3 Kc6 43. Kf4 Kb5 44. Nd6+ Kb4 45. Nxf7 Kxb3 46. Nd6 c4 47. Nxc4 Kxc4 48. Kg5 Be5 49. Kxg6 Bxg3 1/2-1/2

[Event "Gilleleje Xtracon"]
[Site "Gilleleje"]
[Date "2020.01.13"]
[Round "1"]
[White "Sveshnikov, Evgeny"]
[Black "Berkes, Ferenc"]
[Result "0-1"]
[WhiteElo "2481"]
[BlackElo "2649"]
[PlyCount "82"]
[EventDate "2020.01.13"]
[EventType "tourn"]
[EventRounds "9"]
[EventCountry "DEN"]
[EventCategory "9"]
[SourceTitle "CBM 194 Extra"]
[Source "ChessBase"]
[SourceDate "2020.03.31"]
[SourceVersion "1"]
[SourceVersionDate "2020.03.31"]
[SourceQuality "1"]

1. e4 c6 2. d4 d5 3. exd5 cxd5 4. Nf3 Nc6 5. Bf4 Bf5 6. c3 e6 7. Bd3 Bxd3 8. Qxd3 Nge7 9. Nbd2 Ng6 10. Bg3 h5 11. h4 Be7 12. 0-0-0 Bf6 13. Kb1 Rc8 14. Rde1 Nce7 15. Be5 Rc6 16. Nb3 Kf8 17. g3 Nf5 18. Bxf6 gxf6 19. Nfd2 b6 20. c4 dxc4 21. Nxc4 Qd5 22. Ne3 Nxe3 23. fxe3 f5 24. e4 fxe4 25. Qxe4 Ne7 26. Qxd5 Nxd5 27. Rc1 Rxc1+ 28. Nxc1 Rh6 29. Rf1 Ke7 30. Nd3 Rf6 31. Rg1 a6 32. Kc1 Rg6 33. Ne5 Rg8 34. Kd2 f6 35. Nf3 Kd6 36. Ke2 Ne7 37. Kf2 Nf5 38. Ne1 Nxd4 39. Ng2 e5 40. Ne3 Ke6 41. Rc1 Rxg3 0-1

[Event "Wch Seniors 65 29th"]
[Site "Bucharest"]
[Date "2019.11.18"]
[Round "6"]
[White "Sveshnikov, Evgeny"]
[Black "Nordstrom, Felix"]
[Result "1-0"]
[WhiteElo "2485"]
[BlackElo "2050"]
[PlyCount "63"]
[EventDate "2019.11.12"]
[EventType "swiss"]
[EventRounds "11"]
[EventCountry "ROU"]
[SourceTitle "CBM 193 Extra"]
[Source "ChessBase"]
[SourceDate "2020.01.31"]
[SourceVersion "1"]
[SourceVersionDate "2020.01.31"]
[SourceQuality "1"]

1. e4 c5 2. c3 d5 3. exd5 Qxd5 4. d4 Nf6 5. Nf3 e6 6. Be2 Nc6 7. 0-0 Be7 8. c4 Qd8 9. dxc5 Qxd1 10. Rxd1 Bxc5 11. Nc3 0-0 12. a3 a5 13. Bf4 Bd7 14. Bd6 Bxd6 15. Rxd6 Rad8 16. Rad1 Bc8 17. Nb5 Rxd6 18. Nxd6 Rd8 19. Ng5 Rf8 20. Ngxf7 Rxf7 21. Nxc8 Rc7 22. Nd6 Kf8 23. f3 Ke7 24. Kf2 b6 25. Nb5 Rc8 26. f4 Ne8 27. b3 e5 28. Bg4 Rb8 29. Rd7+ Kf6 30. Bf3 Nd8 31. fxe5+ Ke6 32. Ra7 1-0

[Event "Wch Seniors 65 29th"]
[Site "Bucharest"]
[Date "2019.11.14"]
[Round "3"]
[White "Giffard, Nicolas"]
[Black "Sveshnikov, Evgeny"]
[Result "1/2-1/2"]
[WhiteElo "2218"]
[BlackElo "2485"]
[PlyCount "43"]
[EventDate "2019.11.12"]
[EventType "swiss"]
[EventRounds "11"]
[EventCountry "ROU"]
[SourceTitle "CBM 193 Extra"]
[Source "ChessBase"]
[SourceDate "2020.01.31"]
[SourceVersion "1"]
[SourceVersionDate "2020.01.31"]
[SourceQuality "1"]

1. d4 d5 2. c4 e6 3. Nf3 Nf6 4. Nc3 c6 5. e3 Nbd7 6. Bd3 dxc4 7. Bxc4 b5 8. Bd3 a6 9. a4 Bb7 10. 0-0 b4 11. Nb1 c5 12. Nbd2 Be7 13. a5 0-0 14. Qe2 Qc7 15. Nc4 Be4 16. Bd2 Qb7 17. Bxe4 Nxe4 18. Rfc1 cxd4 19. exd4 Nxd2 20. Qxd2 Rad8 21. Qe2 Qb5 22. Kf1 1/2-1/2

[Event "EUR-chT Seniors 65"]
[Site "Mali Losinj"]
[Date "2019.09.22"]
[Round "5.1"]
[White "Wahlbom, Magnus"]
[Black "Sveshnikov, Evgeny"]
[Result "0-1"]
[WhiteElo "2255"]
[BlackElo "2483"]
[PlyCount "102"]
[EventDate "2019.09.18"]
[EventType "team-swiss"]
[EventRounds "9"]
[EventCountry "CRO"]
[SourceTitle "EXT 2020"]
[Source "ChessBase"]
[SourceDate "2019.10.17"]
[SourceVersion "1"]
[SourceVersionDate "2019.10.17"]
[SourceQuality "1"]
[WhiteTeam "Sweden 65"]
[BlackTeam "Russia 65"]
[WhiteTeamCountry "SWE"]
[BlackTeamCountry "RUS"]

1. e4 c5 2. Nf3 Nc6 3. d4 cxd4 4. Nxd4 e5 5. Nb5 d6 6. c4 Be7 7. N1c3 a6 8. Na3 f5 9. exf5 Bxf5 10. Bd3 Be6 11. 0-0 Nf6 12. Nc2 0-0 13. Bg5 Ng4 14. Bxe7 Qxe7 15. Ne3 Qh4 16. Nxg4 Bxg4 17. Be2 Be6 18. g3 Qh3 19. Ne4 h6 20. Rc1 Nd4 21. f3 b5 22. Nxd6 Rad8 23. c5 Bxa2 24. Rc3 Qe6 25. b4 Bd5 26. Re3 Rf6 27. Rf2 Bc6 28. Bd3 Rxd6 29. cxd6 Qxd6 30. Be4 Bxe4 31. Rxe4 Nxf3+ 32. Qxf3 Rxf3 33. Rxf3 Qd1+ 34. Rf1 Qd2 35. Rf2 Qc1+ 36. Kg2 Qc6 37. Rfe2 Kf7 38. Kh3 Qd6 39. g4 Ke6 40. Kh4 Qd8+ 41. Kg3 Qc7 42. Kh4 Kd5 43. R2e3 Qe7+ 44. Kg3 Qf6 45. Re1 g6 46. h3 h5 47. Rxe5+ Qxe5+ 48. Rxe5+ Kxe5 49. gxh5 gxh5 50. Kh4 a5 51. bxa5 Kd5 0-1

[Event "EUR-chT Seniors 65"]
[Site "Mali Losinj"]
[Date "2019.09.18"]
[Round "1.1"]
[White "Sveshnikov, Evgeny"]
[Black "Singer, Hans"]
[Result "1/2-1/2"]
[WhiteElo "2483"]
[BlackElo "2184"]
[PlyCount "66"]
[EventDate "2019.09.18"]
[EventType "team-swiss"]
[EventRounds "9"]
[EventCountry "CRO"]
[SourceTitle "EXT 2020"]
[Source "ChessBase"]
[SourceDate "2019.10.17"]
[SourceVersion "1"]
[SourceVersionDate "2019.10.17"]
[SourceQuality "1"]
[WhiteTeam "Russia 65"]
[BlackTeam "Austria 65"]
[WhiteTeamCountry "RUS"]
[BlackTeamCountry "AUT"]

1. e4 c5 2. c3 e6 3. d4 d5 4. e5 Nc6 5. Nf3 Qb6 6. a3 c4 7. Nbd2 Na5 8. g3 Bd7 9. Bh3 Ne7 10. 0-0 h6 11. Nh4 g6 12. Ng2 Bg7 13. Ne3 h5 14. Rb1 0-0-0 15. b4 cxb3 16. Nxb3 Nxb3 17. Rxb3 Qa6 18. Qf3 Rhf8 19. Re1 Bb5 20. Ng2 Rd7 21. Bg5 Bc4 22. Rbb1 Nc6 23. Ne3 Bd3 24. Rbc1 Kb8 25. Qd1 Rc8 26. Ng2 Na5 27. Nf4 Bc4 28. Rb1 Bf8 29. a4 Qc6 30. Re3 Rdc7 31. g4 hxg4 32. Bxg4 Ba6 33. Rh3 Ba3 1/2-1/2

[Event "Cheliabinsk Kurnosov Memorial rapid"]
[Site "Cheliabinsk"]
[Date "2019.09.07"]
[Round "9"]
[White "Sveshnikov, Evgeny"]
[Black "Kokarev, Dmitry"]
[Result "1/2-1/2"]
[WhiteElo "2483"]
[BlackElo "2601"]
[PlyCount "84"]
[EventDate "2019.09.06"]
[EventType "swiss (rapid)"]
[EventRounds "11"]
[EventCountry "RUS"]
[SourceTitle "EXT 2020"]
[Source "ChessBase"]
[SourceDate "2019.10.17"]
[SourceVersion "1"]
[SourceVersionDate "2019.10.17"]
[SourceQuality "1"]

1. e4 c5 2. c3 Nf6 3. e5 Nd5 4. Bc4 Nb6 5. Bb3 c4 6. Bc2 d6 7. exd6 Qxd6 8. Nf3 Qe6+ 9. Qe2 Qxe2+ 10. Kxe2 Nc6 11. d4 cxd3+ 12. Bxd3 Bg4 13. h3 Bxf3+ 14. Kxf3 Ne5+ 15. Ke2 Nxd3 16. Kxd3 e6 17. Ke2 0-0-0 18. Be3 Nc4 19. b3 Nxe3 20. fxe3 g6 21. Nd2 Bg7 22. Ne4 Kd7 23. Rad1+ Ke7 24. c4 f5 25. Nc5 b6 26. Na6 Rxd1 27. Rxd1 Rd8 28. Rxd8 Kxd8 29. b4 Kd7 30. Kd3 Bf8 31. a4 Kc6 32. b5+ Kd6 33. Nb8 Kc7 34. Nc6 a5 35. Nd4 Kd7 36. Nb3 Bb4 37. Kd4 Kd6 38. e4 e5+ 39. Ke3 h5 40. Kf3 Ba3 41. g4 hxg4+ 42. hxg4 f4 1/2-1/2

[Event "Minsk Kupreichik Memorial rapid"]
[Site "Minsk"]
[Date "2019.08.16"]
[Round "5"]
[White "Dydyshko, Viacheslav"]
[Black "Sveshnikov, Evgeny"]
[Result "1/2-1/2"]
[WhiteElo "2506"]
[BlackElo "2483"]
[PlyCount "27"]
[EventDate "2019.08.15"]
[EventType "swiss (rapid)"]
[EventRounds "10"]
[EventCountry "BLR"]
[SourceTitle "CBM 191 Extra"]
[Source "ChessBase"]
[SourceDate "2019.09.30"]
[SourceVersion "1"]
[SourceVersionDate "2019.09.30"]
[SourceQuality "1"]

1. d4 d5 2. c4 e6 3. Nc3 c6 4. e3 Bd6 5. Bd3 f5 6. f4 Nf6 7. Nf3 0-0 8. 0-0 Nbd7 9. Bd2 Ne4 10. Rb1 b6 11. b4 Bb7 12. c5 Bc7 13. Be2 Ndf6 14. Ne5 1/2-1/2

[Event "Minsk Kupreichik Memorial rapid"]
[Site "Minsk"]
[Date "2019.08.16"]
[Round "6"]
[White "Pein, Malcolm"]
[Black "Sveshnikov, Evgeny"]
[Result "1/2-1/2"]
[WhiteElo "2312"]
[BlackElo "2483"]
[PlyCount "141"]
[EventDate "2019.08.15"]
[EventType "swiss (rapid)"]
[EventRounds "10"]
[EventCountry "BLR"]
[SourceTitle "CBM 191 Extra"]
[Source "ChessBase"]
[SourceDate "2019.09.30"]
[SourceVersion "1"]
[SourceVersionDate "2019.09.30"]
[SourceQuality "1"]

1. Nf3 d5 2. c4 e6 3. g3 dxc4 4. Qa4+ Bd7 5. Qxc4 c5 6. Bg2 Nc6 7. 0-0 Rc8 8. b3 Nf6 9. Bb2 Be7 10. Nc3 0-0 11. Ne4 Nxe4 12. Qxe4 Bf6 13. Bxf6 Qxf6 14. Rfc1 Rfd8 15. Rab1 b6 16. a3 e5 17. d3 Be6 18. Qa4 Qe7 19. b4 Nd4 20. Nxd4 cxd4 21. Qa6 Rc3 22. Rxc3 dxc3 23. Rc1 Rc8 24. Bd5 Rc7 25. Bc4 Bxc4 26. dxc4 Qd7 27. Rxc3 Qd1+ 28. Kg2 Qxe2 29. Re3 Qxc4 30. Rxe5 Qc6+ 31. Kg1 g6 32. Qe2 Qf6 33. Kg2 Kg7 34. h4 h5 35. Re8 Rc3 36. Re3 Rc1 37. Re7 Qc6+ 38. Qe4 Qxe4+ 39. Rxe4 Rc3 40. a4 Kf6 41. Kf1 Rc2 42. Ke1 a5 43. bxa5 bxa5 44. Rd4 Ke6 45. Re4+ Kd6 46. Kf1 Ra2 47. Kg2 f5 48. Re8 Rxa4 49. Rg8 Re4 50. Rxg6+ Re6 51. Rg5 Rf6 52. Rxh5 a4 53. Rh8 Kc5 54. Ra8 Kb4 55. Rb8+ Ka5 56. Kf3 a3 57. Rb1 Ka4 58. Kf4 a2 59. Ra1 Kb3 60. Kg5 Rf8 61. h5 Kb2 62. Rxa2+ Kxa2 63. h6 Kb3 64. Kg6 Kc4 65. h7 Kd3 66. Kg7 Ra8 67. h8Q Rxh8 68. Kxh8 Ke2 69. Kg7 Kxf2 70. Kf6 Kxg3 71. Kxf5 1/2-1/2

[Event "Minsk Kupreichik Memorial rapid"]
[Site "Minsk"]
[Date "2019.08.15"]
[Round "3"]
[White "Kharin, Mikhail"]
[Black "Sveshnikov, Evgeny"]
[Result "0-1"]
[WhiteElo "2156"]
[BlackElo "2483"]
[PlyCount "84"]
[EventDate "2019.08.15"]
[EventType "swiss (rapid)"]
[EventRounds "10"]
[EventCountry "BLR"]
[SourceTitle "CBM 191 Extra"]
[Source "ChessBase"]
[SourceDate "2019.09.30"]
[SourceVersion "1"]
[SourceVersionDate "2019.09.30"]
[SourceQuality "1"]

1. d4 d5 2. Nc3 Nf6 3. Bf4 c5 4. e3 cxd4 5. exd4 Bg4 6. Nf3 Nc6 7. Be2 e6 8. 0-0 Be7 9. Ne5 Bxe2 10. Nxe2 0-0 11. c3 Nxe5 12. Bxe5 Nd7 13. Bg3 b5 14. Qd3 a6 15. Nf4 Nb6 16. Rfe1 Rc8 17. Qe2 Nc4 18. Nd3 Bg5 19. Nc5 Rc6 20. Rab1 a5 21. a3 Be7 22. Nd3 Rb6 23. Be5 b4 24. axb4 axb4 25. Qg4 Nxe5 26. Nxe5 Bd6 27. Nd3 bxc3 28. bxc3 Bxh2+ 29. Kf1 Bd6 30. g3 Rxb1 31. Rxb1 Qc7 32. Rc1 Rc8 33. Kg2 Qa5 34. Qg5 Qa2 35. Qe3 Ba3 36. Nb4 Bxc1 37. Qxc1 Qc4 38. Qf4 Qxc3 39. Na6 Qc4 40. Nc5 Rxc5 41. dxc5 Qxf4 42. gxf4 Kf8 0-1

[Event "Riga Tal Memorial blitz"]
[Site "Riga"]
[Date "2019.07.18"]
[Round "3"]
[White "Sveshnikov, Evgeny"]
[Black "Martinez Alcantara, Jose Eduardo"]
[Result "0-1"]
[WhiteElo "2483"]
[BlackElo "2601"]
[PlyCount "81"]
[EventDate "2019.07.18"]
[EventType "swiss (blitz)"]
[EventRounds "13"]
[EventCountry "LAT"]
[SourceTitle "CBM 191 Extra"]
[Source "ChessBase"]
[SourceDate "2019.09.30"]
[SourceVersion "1"]
[SourceVersionDate "2019.09.30"]
[SourceQuality "1"]

1. e4 c5 2. c3 d5 3. exd5 Qxd5 4. d4 Nf6 5. Nf3 e6 6. Be2 Be7 7. 0-0 0-0 8. Be3 cxd4 9. cxd4 Nc6 10. Nc3 Qd8 11. Ne5 Bd7 12. Bf3 Rc8 13. Rc1 Be8 14. Qd2 Qa5 15. Bf4 Rd8 16. Nxc6 Bxc6 17. Bxc6 bxc6 18. Be5 Qxe5 19. dxe5 Rxd2 20. exf6 Bxf6 21. b3 Rb8 22. Ne4 Rxa2 23. Rxc6 Bd4 24. g3 h6 25. Rd1 e5 26. Rd2 Ra1+ 27. Kg2 Rxb3 28. Rc8+ Kh7 29. Nd6 Rc3 30. Rf8 f6 31. Rf7 Kg6 32. Rd7 Rac1 33. Ne8 R1c2 34. Rxg7+ Kf5 35. Nd6+ Ke6 36. Rxc2 Rxc2 37. Nb5 Rxf2+ 38. Kh3 Bb6 39. Nxa7 Bxa7 40. Rxa7 e4 41. Ra8 0-1

[Event "Riga Tal Memorial blitz"]
[Site "Riga"]
[Date "2019.07.18"]
[Round "5"]
[White "Sveshnikov, Evgeny"]
[Black "Munoz Pantoja, Miguel Angel"]
[Result "0-1"]
[WhiteElo "2483"]
[BlackElo "2511"]
[PlyCount "64"]
[EventDate "2019.07.18"]
[EventType "swiss (blitz)"]
[EventRounds "13"]
[EventCountry "LAT"]
[SourceTitle "CBM 191 Extra"]
[Source "ChessBase"]
[SourceDate "2019.09.30"]
[SourceVersion "1"]
[SourceVersionDate "2019.09.30"]
[SourceQuality "1"]

1. e4 d5 2. exd5 Qxd5 3. Nc3 Qa5 4. d4 Nf6 5. Nf3 Nc6 6. Bd2 a6 7. Ne4 Qd5 8. Nxf6+ gxf6 9. c4 Qe4+ 10. Qe2 Bf5 11. d5 Nb8 12. Qxe4 Bxe4 13. Nd4 c5 14. Nb3 e5 15. 0-0-0 Nd7 16. Be3 Bd6 17. f3 Bg6 18. Bd3 f5 19. g4 e4 20. Bc2 f4 21. Bd2 e3 22. Bc3 f6 23. h4 b5 24. h5 Bxc2 25. Kxc2 b4 26. Be1 Ne5 27. Bh4 Kf7 28. Rh3 Nxc4 29. g5 fxg5 30. Bxg5 Rhg8 31. Bh6 Rg2+ 32. Kb1 Rxb2+ 0-1